000 00671nam a2200181 4500
999 _c8356
_d8356
008 151012b xxu||||| |||| 00| 0 eng d
020 _a9789966210432
050 _aPE 1408 .M38 2007
100 _aMathooko, Jude M.
245 _aAcademic Proposal Writing:
_bA Guide to Preparing Proposals For Academic Research
_cJude Mutuku Mathooko, Francis Mutiso Mathooko and Petronilla Mbatha Mathooko
250 _a2nd ed.
260 _aNairobi:
_bJude Mutuku Mathooko,
_c 2007.
300 _axv, 193p.:
_c 21cm.
650 _aWriting.
942 _2lcc
_cSH_L_BOOKS
_hPE 1408 .M38 2007
_01